Textbook OF Practical Physiology : (Record no. 195311)

MARC details
000 -LEADER
fixed length control field 00622nam a22001937a 4500
005 - DATE AND TIME OF LATEST TRANSACTION
control field 20230321154645.0
010 ## - LCCN (DPL NO)
LC control number ENG-136466
020 ## - INTERNATIONAL STANDARD BOOK NUMBER
International Standard Book Number 9789389211641
Terms of availability 615.00
035 ## - SYSTEM CONTROL NUMBER
System control number EN-119998
037 ## - SOURCE OF ACQUISITION
Source of stock number/acquisition DBAD/PUB
082 ## - DEWEY DECIMAL CLASSIFICATION NUMBER
Classification number 612
100 ## - MAIN ENTRY--PERSONAL NAME
Personal name Pal, GK
245 ## - TITLE STATEMENT
Title Textbook OF Practical Physiology :
Statement of responsibility, etc By GK Pal And Pravati Pal
Remainder of title As PER Competency Based MCI Curriculam /
250 ## - EDITION STATEMENT
Edition statement Fifth
260 ## - PUBLICATION, DISTRIBUTION, ETC. (IMPRINT)
Name of publisher, distributor, etc Universities Press India Pvt Ltd
Place of publication, distribution, etc Telengana
Date of publication, distribution, etc 2020
270 ## - ADDRESS
Address 3-6-747/1/A & 3-6-754/1 Himayatnagar
City Hyderabad
Postal code 500029
300 ## - PHYSICAL DESCRIPTION
Extent 512p.;
Dimensions 28cm(pbk)
Other physical details ill.
942 ## - ADDED ENTRY ELEMENTS (KOHA)
Source of classification or shelving scheme Dewey Decimal Classification
Item type English Books
Classification part 612
Call number suffix GKP
Holdings
Withdrawn status Lost status Not for loan Collection code Home library Current library Date acquired Source of acquisition Cost, normal purchase price Full call number Barcode Copy number Koha item type
      Non-fiction Katevara Katevara 17/03/2023 DBAD/PUB 615.00 612 GKP EN-119998 1 English Books

© Delhi Public Library
Hit Counter
free hit counter